000 00886nam a2200277 a 4500
999 _c5445
_d5445
001 014533907
003 Uk
005 20250918103116.0
008 080227r20082002enka 000 1 eng
020 _a9780194790536 (pbk.)
040 _aUk
_beng
_cUk
_dKH8
042 _aukblsr
082 0 4 _a428.6 WIL
_223
100 1 _aEscott, John,
_eauthor.
245 1 4 _aThe Canterville ghost /
_cOscar Wilde ; retold by John Escott ; illustrated by Summer Durantz.
260 _aOxford :
_bOxford University Press,
_cc2008.
300 _a56 p. :
_bill. ;
_c20 cm.
336 _atext
_2rdacontent
337 _aunmediated
_2rdamedia
338 _avolume
_2rdacarrier
490 0 _aOxford bookworms library. Fantasy & horror. Stage 2
650 0 _aReaders (Elementary)
700 1 _aWilde, Oscar,
_d1854-1900.
_tCanterville ghost.
700 1 _aDurantz, Summer,
_eillustrator.
942 _2ddc
_cTR